| 000 | 00873cam a2200145 4500500 | ||
|---|---|---|---|
| 005 | 20251012000916.0 | ||
| 041 | _afre | ||
| 042 | _adc | ||
| 100 | 1 | 0 |
_aMichaud, Yves _eauthor |
| 700 | 1 | 0 |
_a Université de tous les savoirs _eauthor |
| 245 | 0 | 0 | _aGéopolitique et Mondialisation : N°19 |
| 260 |
_bOdile Jacob,
_c2002. |
||
| 520 | _aÀ l’heure de la mondialisation, les meilleurs spécialistes francophones reviennent sur les grands événements qui ont marqué l’histoire et mettent en perspective les mutations en cours. L’Université de tous les savoirs : une approche contemporaine des différents domaines de la connaissance dans un esprit qui est à la fois celui du bilan encyclopédique et celui du questionnement d’avenir. | ||
| 856 | 4 | 1 | _uhttps://shs.cairn.info/geopolitique-et-mondialisation--9782738111807?lang=fr&redirect-ssocas=7080 |
| 999 |
_c1511922 _d1511922 |
||